|
|
|
|
| LEADER |
01228nem a2200373 a 4500 |
| 001 |
000634439 |
| 003 |
CZ BrMZK |
| 005 |
20070221090131.0 |
| 007 |
a c |
| 008 |
021104s2002 xr XX 0 cze d |
| 020 |
|
|
|a 80-7224-358-6
|
| 034 |
1 |
|
|a a
|b 50000
|
| 040 |
|
|
|a BOA001
|b cze
|
| 043 |
|
|
|a e-xr---
|b e-xr-cc
|2 czenas
|
| 072 |
|
7 |
|a 913(4)
|x Geografie Evropy, reálie, cestování
|2 Konspekt
|9 7
|
| 080 |
|
|
|a 796.51
|2 MRF
|
| 080 |
|
|
|a 913(437.31-17)
|2 MRF
|
| 080 |
|
|
|a 912.43:796.5
|2 MRF
|
| 080 |
|
|
|a (084.3)
|2 MRF
|
| 245 |
0 |
0 |
|a Podkrkonoší
|h [kartografický dokument] :
|b turistická mapa
|
| 255 |
|
|
|a 1:50 000
|
| 260 |
|
|
|a Vizovice :
|b SHOCart,
|c 2002
|
| 300 |
|
|
|a 1 l. ;
|c 66 x 96 cm složený na 23 x 12 cm
|
| 490 |
1 |
|
|a Active
|
| 490 |
1 |
|
|a Turistická mapa 1:50 000 ;
|v 26
|
| 500 |
|
|
|a Na rubu stručný vlastivědný text
|
| 650 |
0 |
7 |
|a pěší turistika
|7 ph124864
|z Česko
|2 czenas
|
| 655 |
|
7 |
|a turistické mapy
|7 fd133737
|2 czenas
|
| 651 |
|
7 |
|a Podkrkonoší (Česko)
|7 ge137859
|2 czenas
|
| 830 |
|
0 |
|a Active
|
| 830 |
|
0 |
|a Turistická mapa 1:50 000
|
| 910 |
|
|
|a BOA001
|b Mp2-1109.468
|
| 990 |
|
|
|a MP
|
| 996 |
6 |
|
|b 2610173762
|c Mp2-1109.468
|l MZK
|r Sklad / do 1 hodiny
|n 0
|p p.v.
|w 000634439
|u 000010
|a 1
|e BOA001
|j MZK50
|s P
|